[Event "Portugalete Bizkaia-ch U20"]
[Site "Portugalete"]
[Date "2017.12.28"]
[Round "2.1"]
[White "Ruiz Macias, Javier"]
[Black "Carazo Fernandez, Constantin"]
[Result "0-1"]
[WhiteElo "1725"]
[BlackElo "1810"]
[PlyCount "62"]
[EventDate "2017.12.27"]
[EventType "tourn"]
[EventRounds "5"]
[EventCountry "ESP"]
[SourceTitle "EXT 2024"]
[Source "ChessBase"]
[SourceDate "2023.10.10"]
[SourceVersion "1"]
[SourceVersionDate "2023.10.10"]
[SourceQuality "1"]

1. e4 e5 2. Nf3 Nc6 3. Bb5 Nf6 4. d3 d6 5. Be3 Be7 6. c3 0-0 7. 0-0 Bg4 8. Nbd2 d5 9. Rc1 a6 10. Ba4 b5 11. Bc2 dxe4 12. dxe4 b4 13. Bb1 bxc3 14. Rxc3 Nd4 15. Bxd4 exd4 16. Rc4 c5 17. Qc2 Nd7 18. Qc1 Nb6 19. Rc2 Rc8 20. Kh1 Bxf3 21. Nxf3 c4 22. Qd1 d3 23. Rc1 Re8 24. Nd2 Bf6 25. b3 c3 26. f3 c2 27. Bxc2 Bb2 28. Bb1 Bxc1 29. Nc4 Nxc4 30. Qxc1 d2 31. Qc2 Ne3 0-1